Theory of approximation : with applications /

Guardado en:
Autores Corporativos: Conference on the Theory of Approximation, with Applications University of Calgary), University of Calgary., University of Regina.
Otros Autores: Law, Alan G. 1936- (Editor ), Sahney, Badri N. (Editor )
Formato: Libro
Idioma:English
Publicado: New York : Academic Press, 1976.
Materias:
Etiquetas: Agregar Etiqueta
Sin Etiquetas, Sea el primero en etiquetar este registro!
LEADER 01170cam a2200277 a 4500
001 MAT.inmabb002998
008 760122s1976####nyua#####b####101#0#eng##
005 20130207171617.0
245 1 0 |a Theory of approximation :  |b with applications /  |c edited by Alan G. Law, Badri N. Sahney. 
260 |a New York :  |b Academic Press,  |c 1976. 
300 |a xviii, 408 p. :  |b il. ;  |c 24 cm. 
500 |a "Proceedings of a conference conducted by the University of Calgary and the University of Regina, at the University of Calgary, Alberta, Canada, August 11-13, 1975". 
504 |a Incluye referencias bibliográficas e índices. 
510 4 |a MR,  |c 52 #14742 
020 |a 0124389503 
111 2 |a Conference on the Theory of Approximation, with Applications  |d (1975 :  |c University of Calgary) 
700 1 |a Law, Alan G.  |q (Alan Greenwell),  |d 1936-  |4 edt 
700 1 |a Sahney, Badri N.  |4 edt 
710 2 |a University of Calgary. 
710 2 |a University of Regina. 
650 0 |a Approximation theory  |x Congresses. 
084 |a 41-06  |2 MR 
010 |a  76001839  
040 |a DLC  |c DLC  |d DLC 
859 |h 41  |i C748  |p A-4507  |b BIB. MATEMATICA 
859 |h 41  |i C748  |p A-5559  |t Ej. 2  |b BIB. MATEMATICA